000
00316nam a2200121Ia 4500
008
231129s1996||||xx |||||||||||||| ||spa||
040
_b
spa
082
_a
Co863.0861342 P418
245
0
_a
Pensamiento Quindiano: octava feria internacional del libro
260
_c
1996
264
_a
Litografia Luz
942
_2
ddc
_c
BKS
999
_c
22574
_d
22574